000 01722cam a2200469 a 4500
001 73490
005 20230410132804.0
008 091205s1999 txua b 001 0 eng
010 _a 98085056
035 _a(OCoLC)ocm40666192
040 _aDLC
_cDLC
_dNTG
_dIMF
_dNLGGC
_dBTCTA
_dYDXCP
020 _a0030222990
020 _a9780030222993
029 1 _aNLGGC
_b183709128
029 1 _aYDXCP
_b100155806
029 1 _aNZ1
_b2557727
029 1 _aAU@
_b000014505183
029 1 _aAU@
_b000020027266
035 _a(OCoLC)40666192
050 1 4 _aQH 308.2
_bS689b 1999
082 0 0 _a570
049 _aGRAL
100 1 _aSolomon, Eldra Pearl.
245 1 0 _aBiology /
_cEldra Pearl Solomon, Linda R. Berg, Diana W. Martin.
250 _a5a ed.
260 _aFort Worth :
_bSaunders College Pub.,
_cc1999.
300 _axxxi, 1232 p. :
_bill. (some col.) ;
_c29 cm.
500 _aRev. ed. of: Biology / Eldra Pearl Solomon ... [et al.]. 4th ed. c1996.
504 _aIncludes bibliographical references and index.
505 0 _apt. 1. The organization of life -- pt. 2. Energy transfer through living systems -- pt. 3. The continuity of life: genetics -- pt. 4. The continuity of life: evolution -- pt. 5. The diversity of life -- pt. 6. Structure and life processes in plants -- pt. 7. Structure and life processes in animals -- pt. 8. The interactions of life: ecology.
650 0 _aBiology.
650 1 7 _aBiologie.
_2gtt
650 4 _aBiologia.
700 1 _aBerg, Linda R.
700 1 _aMartin, Diana W.
730 0 _aBiology.
938 _aBaker and Taylor
_bBTCP
_n98085056
938 _aYBP Library Services
_bYANK
_n100155806
942 _2lcc
_cbk
946 _aafj
994 _aC0
_bDRFGD
999 _c87780
_d87780